01735nam a22002177a 450000500170000000800410001702000180005804000070007604100120008308200180009510000170011324500330013026000610016330000260022436500610025044000130031152011340032465000240145865000140148265000210149620250206114342.0250206b ||||| |||| 00| 0 eng d a9789386310842 cAL aEnglish 223a546bKARA aAshutosh Kar aAdvanced Inorganic Chemistry aNew DelhibCBS Publishers and Distributors Pvt Ltdc2017 a394 p.bPBc24x16 cm. aABDI/0791/25b₹372.00c₹d₹495.00e25%f04-02-2025 aVolume 1 aInorganic Chemistry for BSc (Hons), MSc and Research Scholars is a classical textbook and comprises relevant current information expanded and treated in an unique style for the benefit of brilliant students in the Indian Universities Pursuing: BSc (Hons),MSc,and Research Scholars. Inorganic Chemistry for BSc (Hons), MSc and Research Scholars is a classical textbook and comprises relevant current informations expanded and treated in an unique style for the benefit of brilliant students in the Indian Universities Pursuing: BSc (Hons),MSc,and Research Scholars. Key Features Basic fundamentals of Inorganic Chemistry duly articulated in a systematic and logical manner. The textbook contains several conceptual questions/solutions at the end of each chapter followed by Probable Questions/University Questions. Chemistry of elements and related compounds are expatiated based on the periodic table together with their structures and electronic configurations. Each chapter has been substantiated with adequate textual contents and explained in a perfect lucid manner.Typical and critical examples are dealt with appropriately. aInorganic chemistry achemistry aatomic structure